000 00542nam a22001337a 4500
040 _cRUA
082 _aAGR TOU 2015 B519 Or.1
100 _aTOUCH VILA; ទូច វីឡា
245 _aOrganic fertilization on bunching onion at leaf green farm; ការប្រើប្រាស់ជីសរីរាង្គលើដំណាំខ្ទឹមស្លឹកនៅកសិដ្ឋានស្លឹកបែតង
260 _aPhnom Penh
_bRUA
_c2015
300 _axi; 47p;
_bill;
_c29cm;
856 _uTOUCH VILA
942 _cAGR
999 _c10753
_d10753